| 000 | 00608nam a2200241 a 4500 | ||
|---|---|---|---|
| 001 | nice12345678 | ||
| 003 | IN_TiNIC | ||
| 005 | 20260116015146.0 | ||
| 008 | 050524s1963 lona grp 000 0 eng | ||
| 020 |
_a _c100 |
||
| 082 | 0 | 0 |
_a296.311 _bROB |
| 100 | _aRobinson, Theodore H | ||
| 245 | _aProphecy and the Prophets in Ancient Israel | ||
| 260 |
_aLondon _bGerald Duckworth & Co. _c1963 |
||
| 300 | _a224p | ||
| 500 | _aincludes index and biblioraphy | ||
| 505 | 2 | _aIndex | |
| 650 | _aProphecy-Judaism | ||
| 700 | 1 | _aRobinson, Theodore H | |
| 902 | _bSRS | ||
| 942 | _cBK | ||
| 999 |
_c18550 _d18550 |
||